[Event "Titled Tuesday intern op 17th Aug"]
[Site "Chess.com INT"]
[Date "2021.08.17"]
[Round "3"]
[White "Khodzhamkuliev, Bahadur"]
[Black "Costachi, Mihnea"]
[Result "1-0"]
[WhiteElo "2167"]
[BlackElo "2471"]
[PlyCount "85"]
[EventDate "2021.08.17"]
[EventType "swiss (blitz)"]
[EventRounds "11"]
[EventCountry "USA"]
[SourceTitle "EXT 2022"]
[Source "ChessBase"]
[SourceDate "2021.10.06"]
[SourceVersion "1"]
[SourceVersionDate "2021.10.06"]
[SourceQuality "1"]

1. Nf3 c5 2. c3 d5 3. d4 cxd4 4. cxd4 Nc6 5. Nc3 Nf6 6. Bf4 Bf5 7. e3 e6 8. Bb5 Bd6 9. Bxc6+ bxc6 10. Ne5 Bxe5 11. Bxe5 Nd7 12. Bd6 Qb6 13. 0-0 Qxb2 14. Rc1 f6 15. f3 Kf7 16. e4 Bg6 17. Na4 Qb5 18. Nc5 Nxc5 19. Rxc5 Qa6 20. e5 fxe5 21. Bxe5 Rhe8 22. Qc1 Rac8 23. h4 h6 24. Qf4+ Kg8 25. Qg4 Qd3 26. h5 Kh7 27. Qxg6+ Qxg6 28. hxg6+ Kxg6 29. Rfc1 Re7 30. Rxc6 Rxc6 31. Rxc6 Rb7 32. Rc7 Rb2 33. Rxg7+ Kh5 34. Rxa7 Kh4 35. Kh2 Kh5 36. Rg7 Kh4 37. Bf6+ Kh5 38. Kh3 Rxg2 39. Rxg2 e5 40. dxe5 d4 41. e6 d3 42. e7 d2 43. e8Q# 1-0

[Event "Titled Tuesday intern op 17th Aug"]
[Site "Chess.com INT"]
[Date "2021.08.17"]
[Round "9"]
[White "Khodzhamkuliev, Bahadur"]
[Black "Prraneeth, Vuppala"]
[Result "1/2-1/2"]
[WhiteElo "2167"]
[BlackElo "2253"]
[PlyCount "67"]
[EventDate "2021.08.17"]
[EventType "swiss (blitz)"]
[EventRounds "11"]
[EventCountry "USA"]
[SourceTitle "EXT 2022"]
[Source "ChessBase"]
[SourceDate "2021.10.06"]
[SourceVersion "1"]
[SourceVersionDate "2021.10.06"]
[SourceQuality "1"]

1. Nf3 d5 2. c4 d4 3. d3 Nc6 4. g3 e5 5. Bg2 Bb4+ 6. Bd2 a5 7. 0-0 Nf6 8. Bg5 0-0 9. Nbd2 h6 10. Bxf6 Qxf6 11. a3 Bc5 12. Ne4 Qe7 13. Nxc5 Qxc5 14. Nd2 Be6 15. b4 axb4 16. axb4 Nxb4 17. Bxb7 Rxa1 18. Qxa1 c6 19. Qa3 Qb6 20. Rb1 c5 21. Bg2 Bd7 22. Bd5 Bc6 23. Bxc6 Qxc6 24. Qa5 Ra8 25. Qb5 Qxb5 26. cxb5 Rb8 27. Nc4 Rxb5 28. Nxe5 Ra5 29. Nd7 g5 30. Nxc5 Nd5 31. Ne4 f5 32. Nd6 Nc3 33. Rb8+ Kh7 34. Re8 1/2-1/2

[Event "Titled Tuesday intern op 10th Aug"]
[Site "Chess.com INT"]
[Date "2021.08.10"]
[Round "9"]
[White "De Souza, Cristiano Gomes"]
[Black "Khodzhamkuliev, Bahadur"]
[Result "1-0"]
[WhiteElo "2018"]
[BlackElo "2167"]
[PlyCount "83"]
[EventDate "2021.08.10"]
[EventType "swiss (blitz)"]
[EventRounds "11"]
[EventCountry "USA"]
[SourceTitle "CBM 203 Extra"]
[Source "ChessBase"]
[SourceDate "2021.09.30"]
[SourceVersion "1"]
[SourceVersionDate "2021.09.30"]
[SourceQuality "1"]

1. d4 c5 2. d5 d6 3. c4 b5 4. cxb5 a6 5. bxa6 Nf6 6. Nc3 g6 7. g3 Bg7 8. Bg2 Bxa6 9. Rb1 Nbd7 10. Nf3 0-0 11. 0-0 Ra7 12. Qd2 Qa8 13. Rd1 Rb8 14. b3 Ng4 15. Bb2 Bb7 16. e4 Ba6 17. h3 Nge5 18. Nxe5 Nxe5 19. f4 Nd3 20. Ba1 h5 21. Bf1 Nb4 22. Bxa6 Rxa6 23. a4 h4 24. g4 Rab6 25. Nb5 Bxa1 26. Rxa1 Qb7 27. Qf2 Na6 28. Qxh4 Nc7 29. Qxe7 Nxb5 30. Qxb7 R8xb7 31. axb5 Rxb5 32. e5 Rxb3 33. Kg2 Rb2+ 34. Kg3 R7b3+ 35. Kh4 Rh2 36. Kg5 Kg7 37. Ra7 Rbxh3 38. e6 Rg3 39. Rxf7+ Kg8 40. Ra1 Rh5+ 41. Kxg6 Rxg4+ 42. Kxh5 1-0